| 000 | 01862 a2200217 4500 | ||
|---|---|---|---|
| 001 | 29947 | ||
| 005 | 20260407155610.0 | ||
| 008 | 260407a1965 arg spa d | ||
| 003 | AR-UNSa-BCEJYS | ||
| 040 |
_aAR-UNSa-BCEJYS _bspa _cAR-UNSa-BCEJYS |
||
| 080 |
_a657.47 _xContabilidad de Costos |
||
| 245 | 1 | 0 | _aContraloria práctica |
| 264 | 1 |
_aMéxico : _bUnión Tipográfica Editorial Hispano-Americana (UTEHA) _c1965 |
|
| 300 |
_a821 p. _c24 cm. |
||
| 505 | _aParte I Funciones y organización - 1. Función del conttralor - 2. Función de la información legal - 3. Función del control de la propiedad - 4. El contralor y la función administrativa - 5. Organización del departamento del contralor - Parte II El contralor y las técnicas básicas - 6. El sistema de contabilidad - 7. Sistema de contabilidad-adaptaciones - 8. Costos de fabricación - 9. Costos de fabricación (continuación) - 10. Costos de fabricación (Conclusión) - 11. Costeo directo - 12. Costos administrativos y de distribución - 13. Costos administrativos y de distribución (Continuación) - 14. Control del inventario - 15. Valuación del inventario - 16. Valuación del inventario (Continuación) - 17. Normas y métodos de depreciación - 18. Estados e informes para la gerencia - 19. Estados e informes para la gerencia (Continuación) - 20. Estados e informes para la gerencia (Conclusión)- Parte III El contralor y la planeación anticipada - 21. Las normas y procedimientos del presupuesto - 22. Planeación de las ganancias - 23. Planeación y control de los gastos de fábrica - 24. Planeación y normas financieras - 25. Planeación anticipada - 26. Ataque a los problemas específicos - Problemas y casos | ||
| 942 | _cBK | ||
| 590 | _aniveau_biblio:m niveau_hierar:0 | ||
| 100 | 1 | _aAnderson, David R. | |
| 700 | 1 | _aGuasch Rubio, Luis | |
| 700 | 1 | _aSchmidt, Leo A. | |
| 999 |
_c1983 _d1983 |
||